| 000 | 00731nam a2200253 a 4500 | ||
|---|---|---|---|
| 008 | |||
| 020 | _a0534151620 (hbk.) | ||
| 049 | _aMAIN | ||
| 090 |
_aQK711.2 _bSAL |
||
| 100 | 1 | _aSalisbury, Frank B. | |
| 245 | 1 | 0 |
_aPlant physiology / _cFrank B. Salisbury, Cleon W. Ross. |
| 250 | _a4th ed. | ||
| 260 |
_aBelmont, Calif. : _bWadsworth, _cc1992. |
||
| 300 |
_axviii, 682 p. : _bill. ; _c29 cm. |
||
| 504 | _aIncludes bibliographical references. | ||
| 500 | _aIncludes indexes. | ||
| 650 | 0 | _aPlant physiology. | |
| 700 | 1 | _aRoss, Cleon W. | |
| 907 |
_a.b10054820 _b03-05-11 _c17-04-03 |
||
| 003 | |||
| 005 | 20231109155407.0 | ||
| 040 | _cNUST | ||
| 942 |
_cBOOKS _kQK711.2 _mSAL _01 |
||
| 999 |
_c149754 _d149754 |
||